Statystyki dla PRODUKT SPOŻYWCZY, KTÓRY BYWA BIAŁY, ALE MOŻE MIEĆ INNY KOLOR:

Kliknij tutaj aby rozwiązać quiz!

Ogólne statystyki

  • Ten quiz został rozwiązany 104 razy
  • Średni wynik to 3 z 6

Statystyki odpowiedzi

Odpowiedź% Poprawnych
SER
75%
CUKIER
72%
CZEKOLADA
39%
KIEŁBASA
28%
WINO
28%
BARSZCZ
24%

Rozkład punktacji

Percentyl według liczby udzielonych odpowiedzi

Procent ludzi z każdym wynikiem

Twoja historia wyników

Nie rozwiązałeś tego quizu